000 01015nam a2200277Ia 4500
005 20240524112417.0
008 130821s2005 xxua gr eng
020 _a0736051449
040 _aCo-BoUCM
_bspa
_cDavid Moreno (modificó)
_dDavid Moreno (modificó)
041 0 0 _aeng
060 _aWE 103
100 1 _aRowland, Thomas W.
_986890
245 1 0 _aChildren's exercise physiology
_cThomas W. Rowland
250 _a2nd ed.
260 _aChampaign (Illinois, Estados Unidos)
_bHuman Kinetics
_c2005
300 _axiv, 297 Páginas
_bilustraciones
650 0 4 _aAptitud motora en niños
_xAspectos fisiológicos
_99282
650 0 4 _aDesarrollo infantil
_xAspectos fisiológicos
_912971
650 0 4 _aEjercicio
_913933
650 0 4 _aEstado físico
_915022
650 0 4 _aLocomoción
_918782
650 0 4 _aMedicina deportiva
_919146
650 0 4 _aMovimiento
_919811
856 4 1 _3Table of contents
_uhttp://www.loc.gov/catdir/toc/ecip0413/2004000740.html
942 _cLIBRO
_a15
_e2
_mR883d
_2NLM
_hWE 103
_n0
999 _c63182
_d63182